Polina´s day: from dawn to dusk in a russian city (Record no. 190574)

MARC details
000 -LÍDER
campo de controle de tamanho fixo 00391 a2200157 4500
001 - NÚMERO DE CONTROLE
campo de controle 190574
020 ## - ISBN - INTERNATIONAL STANDARD BOOK NUMBER
ISBN - International Standard Book Number 0-7112-2122-7
040 ## - FONTE DA CATALOGAÇÃO
Instituição que transcreveu o registro Magnum
100 ## - ENTRADA PRINCIPAL--NOME PESSOAL
Nome pessoal Ilyn, Andrey
240 10 - TÍTULO UNIFORME
Título uniforme Polina´s day: from dawn to dusk in a russian city
Idioma da obra ING
245 10 - TÍTULO
Título Polina´s day: from dawn to dusk in a russian city
300 ## - DESCRIÇÃO FÍSICA
Extensão 27
362 0# - DATAS DE PUBLICAÇÃO E/OU DESIGNAÇÃO SEQUENCIAL
Datas de publicação e/ou designação sequencial 2003
697 ## - ENTRADA DE ASSUNTO LOCAL--ENTIDADE COLETIVA (RLIN)
Nome corporativo ou nome da jurisdição LITERATURA INGLESA
942 ## - ELEMENTOS DE ENTRADA ADICIONADOS (KOHA)
Tipo de material Koha Livros
Holdings
Situação do descarte Situação das perdas Situação física Não pode ser emprestado Biblioteca de origem Biblioteca atual Data de aquisição Total de empréstimos Número de chamada completo Código de barras Data de último acesso Data do preço efetivo Tipo de material Koha
        Magnum Magnum 08/06/2024   890.1.334 MAG00067352 08/06/2024 08/06/2024 Livros